| 000 | 005090000a22001930004500 | ||
|---|---|---|---|
| 003 | LK-CoMWRAF | ||
| 008 | 230817t ||||| |||| 00| 0 eng d | ||
| 020 | _a8170366259 | ||
| 040 |
_aLK-CoMWRAF _dLK-CoMWRAF _eLK-CoMWRAF |
||
| 041 | _aeng | ||
| 082 |
_a610 _bGOO |
||
| 100 | _aGoonesekera, Savitiri | ||
| 245 |
_aChildren, law and justice _ba south asian perspective |
||
| 260 |
_aNew Delhi _bSage Publi. _c1997 |
||
| 300 | _ap.420 | ||
| 650 | _aChildren-SL | ||
| 650 | _arights of the child | ||
| 942 | _cBK | ||
| 999 |
_c2941 _d2941 |
||